[Event "Aegean Open"]
[Site "Aghios Kirykos GRE"]
[Date "2008.07.16"]
[Round "5"]
[White "Koukoufikis,A"]
[Black "Lubczynski,R"]
[Result "0-1"]
[WhiteElo "2252"]
[BlackElo "2414"]

1.e4 d6 2.d4 Nf6 3.Nc3 e5 4.Nf3 Nbd7 5.Bc4 Be7 6.O-O O-O 7.h3 c6 8.a4 a5
9.Re1 h6 10.b3 Qc7 11.Ba3 Re8 12.Qd2 Nf8 13.Rad1 Rd8 14.Qe3 Re8 15.Rd2 Ng6
16.Red1 Nd7 17.dxe5 dxe5 18.Bxe7 Rxe7 19.Rd6 Kh7 20.g3 Nb6 21.Bf1 Be6 22.Kh2 Rd7
23.Qc5 Rxd6 24.Qxd6 Qxd6 25.Rxd6 Re8 26.Nd1 f6 27.Ne3 Nf8 28.Nd2 Nc8 29.Rd3 Nd7
30.Ndc4 Nc5 31.Rd1 b6 32.f3 Kg8 33.Nf5 Bxf5 34.exf5 Kf8 35.Be2 Ke7 36.Kg2 Rd8
37.Kf2 Rd4 38.Ke3 Rd5 39.g4 Kd7 40.h4 Kc7 41.f4 exf4+ 42.Kxf4 Ne7 43.Ne3 Re5
44.Kf3 h5 45.Bd3 hxg4+ 46.Nxg4 Nxd3 47.Nxe5 Nxe5+ 48.Ke4 Nf7 49.h5 Nd6+ 50.Kf4 Nexf5
51.c4 Kd7 52.c5 bxc5 53.Rc1 Nd4 54.Rxc5 Ne6+  0-1

[Event "Maestro Open"]
[Site "Berdsk RUS"]
[Date "2008.07.16"]
[Round "9"]
[White "Gerasimov,Nikolay"]
[Black "Gorbachev,Ant"]
[Result "0-1"]
[WhiteElo "2122"]
[BlackElo "1983"]

1.e4 d6 2.d4 Nf6 3.Nc3 Nbd7 4.Be3 e5 5.Bc4 c6 6.f3 Be7 7.Qd2 a5 8.a4 O-O
9.Nge2 Qc7 10.g4 exd4 11.Nxd4 Ne5 12.Be2 Be6 13.g5 Nfd7 14.Nf5 Rae8 15.O-O-O d5
16.f4 Bxf5 17.exf5 Bb4 18.fxe5 Qxe5 19.Bf4 Bxc3 20.bxc3 Qxe2 21.Bd6 Qc4 22.Qd4 Qa2
23.Bxf8 Ne5 24.Rhf1 Kxf8 25.Qc5+ Kg8 26.Rf4 Nc4 27.Rxc4 dxc4 28.Qb6 Qxa4
29.Qxb7 Qa1+ 30.Qb1 Qxc3 31.Qb6 Qe5 32.Rd8  0-1

[Event "FSGM July"]
[Site "Budapest HUN"]
[Date "2008.07.16"]
[Round "12"]
[White "Hou Yifan"]
[Black "Boros,De"]
[Result "1/2-1/2"]
[WhiteElo "2557"]
[BlackElo "2472"]

1.e4 d6 2.d4 Nf6 3.Nc3 e5 4.Nf3 Nbd7 5.Bc4 Be7 6.O-O O-O 7.Re1 c6 8.a4 a5
9.h3 Nb6 10.Ba2 Nfd7 11.Be3 exd4 12.Qxd4 Nc5 13.Rad1 Be6 14.Bxe6 fxe6 15.e5 d5
16.Qg4 Qe8 17.b3 Nbd7 18.Bxc5 Bxc5 19.Re2 Rf5 20.Na2 Qe7  1/2-1/2

[Event "Inautomarket Open"]
[Site "Minsk BLR"]
[Date "2008.07.16"]
[Round "7"]
[White "Gorovets,A"]
[Black "Nechepurenko,R"]
[Result "0-1"]
[WhiteElo "2371"]
[BlackElo "2476"]

1.e4 d6 2.d4 Nf6 3.Nc3 e5 4.Nf3 Nbd7 5.g3 Be7 6.Bg2 c6 7.a4 O-O 8.O-O Re8
9.Re1 Qc7 10.b3 Nf8 11.h3 Ng6 12.d5 Bd7 13.Bb2 h6 14.Nd2 cxd5 15.exd5 a6
16.a5 Rad8 17.Nc4 h5 18.h4 Ng4 19.Qe2 f5 20.Nb6 Bf6 21.Qc4 Qb8 22.Ne2 Bb5
23.Qb4 Bxe2 24.Rxe2 e4 25.Bxf6 Nxf6 26.Rae1 Qc7 27.Qd2 Qf7 28.Qg5 Re5 29.f4 exf3
30.Bxf3 f4 31.Rxe5 dxe5 32.Bxh5 Nxh5 33.Qxd8+ Nf8 34.Qg5 fxg3 35.Rf1 Nf4
36.Qxe5 N8g6 37.Qe4 Qf6 38.Qe6+ Qxe6 39.dxe6 Ne2+ 40.Kg2 Nxh4+ 41.Kh3 g2
42.Rd1 g5 43.Kg4 Kg7 44.Kxg5 Nf3+ 45.Kg4 Nfd4 46.e7 Kf7 47.Nc8 g1=Q+ 48.Rxg1 Nxg1
49.Nd6+ Kxe7 50.Nxb7 Ne6 51.b4 Kd7 52.c4 Kc7 53.Kf5 Nd4+ 54.Ke4 Nc6 55.b5 Kxb7
56.bxa6+ Kc7 57.c5 Ne2 58.a7 Kb7 59.a8=Q+ Kxa8 60.Kd5 Ned4 61.a6 Ka7 62.Kd6 Kxa6
63.Kd5 Kb7 64.Kd6 Kc8 65.Kd5 Kd7 66.Kc4 Ke6 67.Kd3 Kd5 68.Ke3 Kc4 69.Ke4 Nc2
70.Kf5 Kd5 71.Kf4 Kd4 72.Kf5 Kd5 73.Kf4 N2b4 74.Kf3 Kd4 75.Kf4 Nd3+ 76.Kf3 Ke5
77.Ke3 Nf4 78.Kf3 Nd5 79.Kg4 Kf6 80.Kg3 Kg5 81.Kf3 Kf5 82.Kg3 Nf6 83.Kf3 Ng4
84.Ke2 Ke4 85.Kd2 Nge5 86.Ke2 Nf3 87.Kf2 Nfd4 88.Kg3 Kf5 89.Kg2 Kg4 90.Kf2 Kf4
91.Kg2 Nf5 92.Kf2 Ng3 93.Kg2 Ne4 94.Kh3 Kg5 95.Kh2 Kh4 96.Kg2 Kg4 97.Kh2 Kf3
98.Kh3 Ng3 99.Kh4 Kf4 100.Kh3 Nf5 101.Kg2 Ke3 102.Kh2 Kf2 103.Kh3 Kf3 104.Kh2 Ne3
105.Kh3 Ng2 106.Kh2 Nf4 107.Kg1 Ke2 108.Kh1 Kf2 109.Kh2 Ne5 110.c6 Nf3+ 111.Kh1 Ne2  0-1

[Event "Ch-AY Boys U16"]
[Site "Tehran IRI"]
[Date "2008.07.16"]
[Round "1"]
[White "Nitin,S"]
[Black "Salehian,Si"]
[Result "1-0"]
[WhiteElo "2303"]
[BlackElo "2079"]

1.e4 d6 2.d4 Nf6 3.Nc3 e5 4.Nf3 Nbd7 5.g4 Nxg4 6.Rg1 Ngf6 7.Bg5 c6 8.Qd2 h6
9.Be3 b5 10.Bd3 Nh5 11.d5 b4 12.dxc6 bxc3 13.cxd7+ Bxd7 14.Qxc3 Rc8 15.Qd2 Qc7
16.O-O-O Nf6 17.Qe2 Qa5 18.Kb1 Rb8 19.Nd2 Be6 20.Nb3 Qa4 21.Bd2 Nd7 22.f4 exf4
23.Bxf4 g5 24.Bg3 h5 25.Qe3 Ke7 26.Be2 Rb6 27.Rd4 Qc6 28.Rd3 h4 29.Bf2 Bh6
30.Qd2 Nc5 31.Bd4  1-0

[Event "Ch-AY Boys U16"]
[Site "Tehran IRI"]
[Date "2008.07.18"]
[Round "4"]
[White "Nguyen Van Thanh"]
[Black "Karayev,A"]
[Result "1/2-1/2"]
[WhiteElo "2194"]
[BlackElo "2261"]

1.e4 d6 2.d4 Nf6 3.Nc3 Nbd7 4.g3 e5 5.Nge2 Be7 6.Bg2 O-O 7.O-O c6 8.a4 b6
9.h3 Bb7 10.Be3 a6 11.f4 b5 12.b4 Re8 13.Rb1 exd4 14.Nxd4 Bf8 15.Nf5 Nb6
16.e5 Nc4 17.Bd4 dxe5 18.fxe5 Nxe5 19.axb5 axb5 20.Re1 Ng6 21.Rxe8 Nxe8 22.Qf3 Ra3
23.Rf1 Qd7 24.Qf2 f6 25.Ne4 Bxb4 26.Bc5 Bxc5 27.Nxc5 Qf7 28.Rd1 Ne5 29.Rd8 Ra8
30.Nd6 Qe7 31.Rxe8+ Rxe8 32.Nxe8 Bc8 33.Nxg7 Kxg7 34.Ne4 Be6 35.Nc3 Qb4 36.Ne4 f5
37.Qf4 Qd4+ 38.Nf2 Qxf4 39.gxf4 Ng6 40.Bxc6 Bc4 41.Nd1 Nxf4 42.Ne3 Ne2+ 43.Kf2 Nd4
44.Bd7 f4 45.Nxc4 bxc4 46.c3 Nb3 47.Be6 Nd2 48.Ke2 Kf6 49.Bg8 Ne4 50.Bxc4 Nxc3+
51.Kd3 Nd1 52.Ke2 Ne3 53.Bd3 h6 54.Kf3 Ke5  1/2-1/2

[Event "Ch-AY Boys U16"]
[Site "Tehran IRI"]
[Date "2008.07.19"]
[Round "6"]
[White "Nitin,S"]
[Black "Karayev,A"]
[Result "1-0"]
[WhiteElo "2303"]
[BlackElo "2261"]

1.e4 d6 2.d4 Nf6 3.Nc3 Nbd7 4.g4 e5 5.g5 Ng8 6.Nf3 c6 7.Be3 a6 8.a4 b6 9.Qe2 Ne7
10.O-O-O Qc7 11.Bh3 Ng6 12.Bf5 b5 13.h4 Nb6 14.h5 Nf4 15.Bxf4 exf4 16.g6 b4
17.Na2 hxg6 18.hxg6 Rxh1 19.Rxh1 a5 20.b3 f6 21.Kb1 Bxf5 22.exf5+ Kd8 23.d5 c5
24.c4 bxc3 25.Nxc3 Qd7 26.Qe4 Rb8 27.Nb5 Qe7 28.Qd3 Qb7 29.Rd1 Rc8 30.Qe4 Qe7
31.Qxf4  1-0

[Event "Politiken Cup"]
[Site "Helsingor DEN"]
[Date "2008.07.20"]
[Round "2"]
[White "Meier,L"]
[Black "Plukkel,S"]
[Result "0-1"]
[WhiteElo "1844"]
[BlackElo "2215"]

1.e4 d6 2.d4 Nf6 3.Nc3 Nbd7 4.f4 e5 5.fxe5 dxe5 6.dxe5 Nxe5 7.Qxd8+ Kxd8
8.Bf4 Bd6 9.O-O-O Bd7 10.Nh3 a6 11.Ng5 Nd3+ 12.Kb1 Nxf4 13.Nxf7+ Ke7 14.Nxh8 Rxh8
15.g3 Ng6 16.Nd5+ Nxd5 17.exd5 Bg4 18.Re1+ Kd8 19.Bg2 Rf8 20.Rhf1 Rxf1 21.Rxf1 Ne5
22.b3 g6 23.h3 Bd7 24.g4 Ke7 25.Be4 Nf7 26.a4 Ng5 27.Bg2 Bg3 28.c4 b6 29.Kc2 h5
30.gxh5 gxh5 31.h4 Nh7 32.Bf3 Nf6 33.Rg1 Bf2 34.Rf1 Bg3 35.Rg1 Bf4 36.Rg2 Ng4
37.Kd3 Kf6 38.Be4 Bd6 39.Ke2 Ke5 40.Bg6 Nf6 41.Kd3 Bg4 42.Rf2 Bb4 43.Rf1 Nd7
44.Rf7 Kd6 45.Rg7 Be1 46.Be8 Bxh4 47.b4 Bf6 48.Rg8 h4 49.Ke4 h3 50.Rg6 Bh5
51.Rh6 Bxe8 52.Rxh3 a5 53.bxa5 bxa5 54.Kf5 Kc5 55.Rb3 Kxc4 56.Rb7 Be5 57.Rb5 Nb6
58.Rxa5 Bd6 59.Ke6 Bxa4 60.Ra7 Bd7+  0-1

[Event "Politiken Cup"]
[Site "Helsingor DEN"]
[Date "2008.07.20"]
[Round "3"]
[White "Nielsen,JeH"]
[Black "Hein,J"]
[Result "1-0"]
[WhiteElo "1943"]
[BlackElo "1931"]

1.Nc3 Nf6 2.d4 c6 3.e4 d6 4.Nf3 b5 5.a3 a5 6.Be2 h6 7.O-O g5 8.e5 Nh7 9.exd6 exd6
10.d5 b4 11.axb4 Bb7 12.Rxa5 Rxa5 13.bxa5 Qxa5 14.Qd4 f6 15.Re1 Kf7 16.Qg4 Kg7
17.Bd3 Ba6 18.Bf5 Qc7 19.Nd4 Qf7 20.Be6 Qc7 21.Qh5 Rg8 22.Bxg8 Kxg8 23.Qg6+ Kh8
24.Nf5 Nd7 25.Ne7 Bg7 26.Qe8+ Nhf8 27.Qf7  1-0

[Event "19th Czech Chladek & Tintera A Open"]
[Site "Pardubice CZE"]
[Date "2008.07.20"]
[Round "3"]
[White "Smith,Ax"]
[Black "Adnoy,H"]
[Result "1-0"]
[WhiteElo "2427"]
[BlackElo "2296"]

1.e4 d6 2.d4 Nf6 3.Nc3 e5 4.dxe5 dxe5 5.Qxd8+ Kxd8 6.Bg5 Be6 7.O-O-O+ Kc8
8.f4 exf4 9.Nge2 Bc5 10.Nxf4 Bg4 11.Rd3 Nc6 12.Bxf6 gxf6 13.Be2 Bd7 14.Rf1 Bd6
15.h3 Rg8 16.g4 Be5 17.Ncd5 a5 18.Nh5 Be6 19.Nhxf6 Rh8 20.c3 a4 21.Nh5 Ra5
22.Nhf4 Bxf4+ 23.Rxf4 h5 24.gxh5 Ne5 25.Rd1 Bxh3 26.Rg1 Be6 27.Rg5 Nc6 28.Rh4 Kb8
29.Bf3 Ne7 30.Re5 Nc6 31.Rg5 Ne7 32.Rg1 Nc6 33.h6 f5 34.Nf4 Ne5 35.Bh1 Bxa2
36.exf5 Nf7 37.h7 Rxf5 38.Rg8+ Ka7 39.Ng6 Rxh7 40.Rxh7 Ng5 41.Rf8 Rxf8 42.Nxf8 Nxh7
43.Nxh7 Kb6 44.Nf6 c6 45.Bf3 Kb5 46.Nd7 Bc4 47.Ne5 Be6 48.Be2+ Kc5 49.Bf3 Kd6
50.Ng6 Bf5 51.Nf4 Kc5 52.Ne2 Bd3 53.Nd4 Bg6 54.Nc2 Be8 55.Kb1 Bg6 56.Bd1 b5
57.Ka2 Be8 58.Ka3 Bd7 59.Nb4 Kb6 60.c4 Be6 61.cxb5 cxb5 62.Bf3 Bc4 63.Bd5 Be2
64.Bc6 Kc5 65.Be8 Bf1 66.Bg6 Be2 67.Nd3+ Kc4 68.Nc1 Bd1 69.Bf7+ Kc5 70.Nd3+ Kd4
71.Nf2  1-0

[Event "2nd IRT 54th Aniv Martelli"]
[Site "Villa Martelli ARG"]
[Date "2008.07.20"]
[Round "5"]
[White "Delai,P"]
[Black "Guerrero,Alv"]
[Result "1-0"]
[WhiteElo "2081"]
[BlackElo "2154"]

1.e4 d6 2.d4 Nf6 3.Nc3 e5 4.dxe5 dxe5 5.Qxd8+ Kxd8 6.Bg5 h6 7.Bh4 g5 8.Bg3 Bd6
9.O-O-O Ke7 10.Bc4 Be6 11.Bxe6 fxe6 12.Nf3 Nbd7 13.Nd2 a6 14.f3 Nh5 15.Bf2 Nf4
16.g3 Ng6 17.Be3 Rhf8 18.Rdf1 Rf7 19.Kd1 Bc5 20.Ke2 Bd4 21.Nd1 Rg8 22.c3 Bxe3
23.Nxe3 h5 24.Rf2 Rh7 25.Rg1 Rc8 26.Nb3 b6 27.Rd1 Rf8 28.Nc1 Rhf7 29.Rdf1 Nf6
30.Nb3 Kd7 31.Nd2 Kc8 32.Nb3 Kb7 33.Nd2 Ne8 34.Nc2 Nd6 35.Ne3 b5 36.Nc2 Kb6
37.Ne3 Ne7 38.Nc2 Ng8 39.Nb4 Nb7 40.Nd3  1-0

[Event "83rd ch-ARG s/f"]
[Site "Buenos Aires ARG"]
[Date "2008.07.21"]
[Round "1"]
[White "Epelboin,M"]
[Black "Perelman,H"]
[Result "0-1"]
[WhiteElo "2038"]
[BlackElo "2360"]

1.e4 d6 2.d4 Nf6 3.Nc3 Nbd7 4.Nf3 e5 5.Bc4 Be7 6.O-O O-O 7.Re1 c6 8.Bb3 h6
9.h3 Re8 10.Be3 b5 11.a3 Bf8 12.dxe5 dxe5 13.Qe2 Nc5 14.Rad1 Qc7 15.Bxc5 Bxc5
16.a4 a6 17.Rd3 Nh5 18.Qf1 Ng3  0-1

[Event "Politiken Cup"]
[Site "Helsingor DEN"]
[Date "2008.07.21"]
[Round "4"]
[White "Preuss,F"]
[Black "Plukkel,S"]
[Result "0-1"]
[WhiteElo "2059"]
[BlackElo "2215"]

1.e4 d6 2.d4 Nf6 3.Nc3 Nbd7 4.f4 e5 5.Nf3 exd4 6.Qxd4 c6 7.a4 d5 8.exd5 Bc5
9.Qd3 O-O 10.Be2 Re8 11.Bd2 Ng4 12.Rf1 Qb6 13.a5 Bf2+ 14.Kd1 Qxb2 15.Rb1 Qa3
16.dxc6 bxc6 17.Ne4 Qa2 18.Nc3 Qxa5 19.Ng5 Ndf6 20.Nce4 Qa2 21.c4 Nxe4 22.Nxe4 Bf5
23.Nf6+ gxf6 24.Qxf5 Ne3+ 25.Bxe3 Rad8+  0-1

[Event "41st Festival MTO"]
[Site "Biel SUI"]
[Date "2008.07.22"]
[Round "2"]
[White "Smirin,I"]
[Black "Domont,A"]
[Result "1-0"]
[WhiteElo "2637"]
[BlackElo "2326"]

1.e4 d6 2.d4 Nf6 3.Nc3 e5 4.Nf3 Nbd7 5.Bc4 Be7 6.O-O O-O 7.Re1 c6 8.a3 b5
9.Ba2 Rb8 10.h3 a5 11.Bg5 Ne8 12.Be3 Bf6 13.Qd2 Nc7 14.Ne2 Ne6 15.Ng3 c5
16.dxc5 dxc5 17.Bxe6 fxe6 18.Rad1 a4 19.Bg5 Qc7 20.Nh5 Nb6 21.Bxf6 gxf6 22.Qd6  1-0

[Event "41st Festival MTO"]
[Site "Biel SUI"]
[Date "2008.07.22"]
[Round "2"]
[White "Ramesh,R"]
[Black "Le Floch,S"]
[Result "1-0"]
[WhiteElo "2478"]
[BlackElo "2216"]

1.e4 d6 2.d4 Nf6 3.Nc3 e5 4.Nge2 Be7 5.g3 O-O 6.Bg2 c6 7.O-O b5 8.a3 Bb7
9.h3 Re8 10.d5 cxd5 11.exd5 a6 12.g4 Nbd7 13.Ng3 Nb6 14.g5 Nfd7 15.h4 Rc8
16.Nf5 Bf8 17.Ne4 Qc7 18.h5 g6 19.Ne3 Bg7 20.b3 Nc5 21.hxg6 fxg6 22.Nf6+ Bxf6
23.gxf6 Ncd7 24.f4 Rf8 25.fxe5 Nxe5 26.Bb2 Nbd7 27.Bh3 Rce8 28.Ng4 Nf7 29.Bg2 Nc5
30.Qd4 Bc8 31.Nh6+ Kh8 32.Rae1 Ne5 33.f7 Re7 34.Qh4 Kg7 35.Qf6+  1-0

[Event "Politiken Cup"]
[Site "Helsingor DEN"]
[Date "2008.07.23"]
[Round "6"]
[White "Kristiansen,Jen"]
[Black "Den Heeten,D"]
[Result "0-1"]
[WhiteElo "2441"]
[BlackElo "2278"]

1.d4 d6 2.e4 Nf6 3.Nc3 Nbd7 4.Nf3 e5 5.Bc4 Be7 6.O-O c6 7.a4 h6 8.Qe2 O-O
9.Rd1 exd4 10.Nxd4 Ne5 11.Ba2 Re8 12.h3 Bf8 13.Be3 Ng6 14.a5 Nxe4 15.Nxe4 d5
16.Nc3 Bd6 17.Nf3 Bf5 18.Qd2 Bb4 19.a6 b6 20.Qc1 Qf6 21.Nd4 Bd7 22.Nde2 Nh4
23.Nf4 Bd6 24.Nce2 Nf5 25.c4 g5 26.cxd5 gxf4 27.Nxf4 Nxe3 28.fxe3 Bc5 29.dxc6 Bxc6
30.Kh1 Bxe3 31.Nh5 Bxg2+ 32.Kxg2 Qf2+ 33.Kh1 Qf3+ 34.Kh2 Bxc1 35.Rg1+ Bg5
36.Ng3 Rad8 37.Rg2 Rd2 38.Rxd2 Bxd2 39.Rf1 Re2+  0-1

[Event "XXVI Andorra Open"]
[Site "La Massana AND"]
[Date "2008.07.23"]
[Round "5"]
[White "Demuth,A"]
[Black "Arizmendi Martinez,J"]
[Result "1/2-1/2"]
[WhiteElo "2315"]
[BlackElo "2524"]

1.d4 d6 2.e4 Nf6 3.Nc3 c6 4.f4 Qa5 5.Bd3 e5 6.dxe5 dxe5 7.Nf3 Bg4 8.O-O Nbd7
9.h3 Bxf3 10.Qxf3 exf4 11.Bxf4 Ne5 12.Qe2 Bd6 13.Nd1 O-O-O 14.Ne3 Qc5 15.Rad1  1/2-1/2

[Event "XXVI Andorra Open"]
[Site "La Massana AND"]
[Date "2008.07.23"]
[Round "5"]
[White "Panelo,M"]
[Black "Strikovic,A"]
[Result "1-0"]
[WhiteElo "2414"]
[BlackElo "2512"]

1.d4 d6 2.e4 Nf6 3.Nc3 e5 4.Nf3 Nbd7 5.Bc4 Be7 6.O-O Nb6 7.Be2 exd4 8.Nxd4 O-O
9.a4 a5 10.Bf4 Re8 11.Ndb5 Be6 12.b3 Nbd7 13.Nd4 Nc5 14.Nxe6 Nxe6 15.Be3 c6
16.Qd2 Qc7 17.Rad1 Rad8 18.Qc1 Nd7 19.Bc4 Bf6 20.Bxe6 fxe6 21.Ne2 d5 22.c4 dxe4
23.Qc2 Be5 24.h3 Nf6 25.Nc3 Rxd1 26.Rxd1 Rd8 27.Rxd8+ Qxd8 28.Qd2 Qd7 29.g4 Bc7
30.Qxd7 Nxd7  1-0

[Event "41st Festival MTO"]
[Site "Biel SUI"]
[Date "2008.07.24"]
[Round "4"]
[White "Smirin,I"]
[Black "Cherniaev,A1"]
[Result "1-0"]
[WhiteElo "2637"]
[BlackElo "2431"]

1.e4 d6 2.d4 Nf6 3.Nc3 e5 4.Nf3 Nbd7 5.Bc4 Be7 6.O-O O-O 7.Re1 c6 8.a4 b6
9.h3 a6 10.Ba2 Bb7 11.Nh4 Nxe4 12.Nxe4 Bxh4 13.Nxd6 Bxf2+ 14.Kxf2 Qf6+ 15.Kg1 Qxd6
16.dxe5 Qxd1 17.Rxd1 Nxe5 18.Bf4 Rae8 19.Re1 Ng6 20.Bd6 Bc8 21.a5 b5 22.Bxf8 Rxe1+
23.Rxe1 Kxf8 24.c4  1-0

[Event "41st Festival MTO"]
[Site "Biel SUI"]
[Date "2008.07.24"]
[Round "4"]
[White "Klauser,M"]
[Black "Le Floch,S"]
[Result "1-0"]
[WhiteElo "2394"]
[BlackElo "2216"]

1.e4 d6 2.d4 Nf6 3.Nc3 e5 4.dxe5 dxe5 5.Qxd8+ Kxd8 6.Bc4 Bb4 7.Bd2 Ke7 8.a3 Bd6
9.Nge2 Be6 10.Bxe6 fxe6 11.f3 c6 12.Nd1 Nbd7 13.a4 b5 14.b3 a6 15.Nb2 Rhc8
16.Nc3 Bc5 17.Ke2 Bd4 18.Ncd1 Nb6 19.Ra2 h6 20.Bb4+ c5 21.Ba5 c4 22.bxc4 Nxc4
23.Bb4+ Bc5 24.Nxc4 bxc4 25.Bxc5+ Rxc5 26.Rb2 Rac8 27.Ne3 Ne8 28.Rb7+ R8c7
29.Rhb1 Nd6 30.Rxc7+ Rxc7 31.Rb6 a5 32.Ra6 Rc5 33.Ra7+ Kf6 34.Ng4+ Kg6 35.Re7 Nf7
36.Rxe6+ Kh7 37.Re7 Kg6 38.h4 h5 39.Ne3 Kf6 40.Ra7 Nd8 41.Nd5+ Kg6 42.c3 Kh7
43.Ke3 Rc6 44.Rxa5 Nb7 45.Ra7 Nc5 46.a5 Rg6 47.g4 hxg4 48.fxg4 Kh6 49.Kf3 Nb3
50.Ra8 Rd6 51.g5+ Kh5 52.Rh8+ Kg6 53.Kg4 Nxa5 54.h5+ Kf7 55.g6+ Ke6 56.Re8+ Kd7
57.Re7+  1-0

[Event "83rd ch-ARG s/f"]
[Site "Buenos Aires ARG"]
[Date "2008.07.26"]
[Round "7"]
[White "Virgillito,C"]
[Black "Perelman,H"]
[Result "1/2-1/2"]
[WhiteElo "2140"]
[BlackElo "2360"]

1.e4 d6 2.d4 Nf6 3.Nc3 Nbd7 4.Nf3 e5 5.Bc4 Be7 6.O-O O-O 7.h3 c6 8.a4 h6
9.Be3 exd4 10.Qxd4 Ne5 11.Nxe5 dxe5 12.Qxd8 Rxd8 13.Rfd1 Nd7 14.a5 Bb4  1/2-1/2

[Event "XXVI Andorra Open"]
[Site "La Massana AND"]
[Date "2008.07.26"]
[Round "8"]
[White "Magem Badals,J"]
[Black "Comas Fabrego,L"]
[Result "1/2-1/2"]
[WhiteElo "2500"]
[BlackElo "2495"]

1.e4 d6 2.d4 Nf6 3.Nc3 Nbd7 4.Nf3 e5 5.Bc4 Be7 6.O-O O-O 7.Re1 c6 8.a4 b6
9.b3 a6 10.Bb2 Rb8 11.Bd3 Re8 12.Ne2 Bf8 13.Ng3 Bb7  1/2-1/2

[Event "XXVI Andorra Open"]
[Site "La Massana AND"]
[Date "2008.07.26"]
[Round "8"]
[White "Delorme,Ax"]
[Black "Strikovic,A"]
[Result "0-1"]
[WhiteElo "2377"]
[BlackElo "2512"]

1.e4 d6 2.d4 Nf6 3.Nc3 e5 4.dxe5 dxe5 5.Qxd8+ Kxd8 6.Bc4 Ke8 7.Nf3 Bd6 8.Bg5 Nbd7
9.O-O-O a6 10.a4 h6 11.Bh4 g6 12.Rhe1 Kf8 13.Nd5 Kg7 14.Bxf6+ Nxf6 15.Nb6 Rb8
16.Nxc8 Rhxc8 17.a5 Re8 18.c3 Bc5 19.Re2 Re7 20.h3 Ba7 21.Kc2 Nh5 22.g3 Nf6
23.Ne1 h5 24.Nf3 Ne8 25.h4 Nd6 26.Bd5 Ree8 27.Ng5 f6 28.Nf3 Kh6 29.Rd3 f5
30.Nd2 Rf8 31.f3 Kg7 32.Rg2 Rh8 33.exf5 gxf5 34.g4 hxg4 35.fxg4 e4 36.gxf5+ Kf6
37.Rg6+ Ke5 38.Nc4+ Nxc4 39.Bxe4 Ne3+  0-1

[Event "Politiken Cup"]
[Site "Helsingor DEN"]
[Date "2008.07.27"]
[Round "10"]
[White "Lindberg,Be"]
[Black "Plukkel,S"]
[Result "1/2-1/2"]
[WhiteElo "2432"]
[BlackElo "2215"]

1.e4 d6 2.d4 Nf6 3.Nc3 Nbd7 4.g3 e5 5.Nge2 g6 6.Bg2 Bg7 7.h3 O-O 8.Be3 exd4
9.Bxd4 Qe7 10.O-O Nc5 11.Nf4 c6 12.Re1 Re8 13.Qd2 Ne6 14.Nfd5 Nxd5 15.Bxg7 Nb6
16.Bh6 Qf6 17.h4 Nc4 18.Bg5 Qxg5 19.Qxg5 Nxg5 20.hxg5 Nxb2 21.Bf1 b5 22.Rab1 Nc4
23.Bxc4 bxc4 24.Red1 Rd8 25.Rd4 Be6 26.Rbd1 d5 27.exd5 cxd5 28.Nxd5 Bxd5
29.Rxd5 Rxd5 30.Rxd5 Rb8 31.Ra5 c3 32.Ra3 Rb2 33.Rxc3 Rxa2 34.Kf1 Ra5 35.f4 Rd5
36.Ke2 Kf8 37.Rc7 a5 38.c4 Rd8 39.Ra7 Rd4 40.c5 a4 41.Ra5 Ke7 42.Ke3 Rb4
43.Kd3 Ke6 44.Kc3 Re4 45.Ra7 Kd5 46.Rxf7 Kxc5 47.Rxh7 Re3+ 48.Kb2 Rxg3 49.Ra7 Kb4
50.Rb7+  1/2-1/2

[Event "9th Epetium Open"]
[Site "Stobrec CRO"]
[Date "2008.07.27"]
[Round "2"]
[White "Pejcinovic,V"]
[Black "Curic,D"]
[Result "0-1"]
[WhiteElo "2021"]
[BlackElo "2195"]

1.e4 d6 2.d4 Nf6 3.Nc3 c6 4.f3 Nbd7 5.Be3 e5 6.Qd2 d5 7.O-O-O Bb4 8.Bd3 O-O
9.dxe5 Nxe5 10.Bd4 Ng6 11.Qf2 Be6 12.a3 Be7 13.h4 Nd7 14.exd5 cxd5 15.h5 Nge5
16.g4 Nc6 17.Nce2 Nxd4 18.Qxd4 Bf6 19.Qf2 Ne5 20.Bb5 Qa5 21.Nd4 Rac8 22.Nb3 Qc7
23.Kb1 Rfd8 24.Nd4 a6 25.Nxe6 fxe6 26.Ba4 Nc4 27.Qe2 Nxb2 28.Qxe6+ Kh8 29.h6 Nxd1  0-1

[Event "Dutch Open"]
[Site "Dieren NED"]
[Date "2008.07.28"]
[Round "6"]
[White "Ten Hagen,Y"]
[Black "Burg,B"]
[Result "1/2-1/2"]
[WhiteElo "2152"]
[BlackElo "2055"]

1.e4 d6 2.d4 Nf6 3.Nc3 Nbd7 4.f4 e5 5.Nf3 exd4 6.Qxd4 c6 7.Bc4 d5 8.exd5 Bc5
9.Qd3 O-O 10.Ng5 Re8+ 11.Kf1 Nb6 12.dxc6 Nxc4 13.Qxc4 Qe7 14.Bd2 b5 15.Nxb5 Ng4
16.Nc7 Rd8 17.Qe4 Qxc7 18.Qxh7+ Kf8 19.Qh8+ Ke7 20.Re1+ Ne3+ 21.Rxe3+ Bxe3
22.Bb4+ Kf6 23.Bc3+ Bd4 24.Qh4 Ba6+ 25.Ke1 Bxc3+ 26.bxc3 Re8+ 27.Kf2 Re2+
28.Kg3 Ke7 29.Nf3+ f6 30.Nd4 Re3+ 31.Kf2 Re4 32.g3 Rxd4 33.cxd4 Qxc6 34.Re1+ Kf7
35.Qh5+ Kg8 36.c3 Rb8 37.d5 Qc5+ 38.Kf3 Qxc3+ 39.Re3 Qc8 40.Re7 Qf8 41.d6 Bc4
42.Qa5 a6 43.Qc7 Bd5+ 44.Kf2 Rb2+ 45.Kf1 Rb1+ 46.Ke2 Rb7 47.Qc5 Rxe7+ 48.dxe7 Qa8
49.Qxd5+ Qxd5 50.e8=Q+ Kh7 51.a4 Qg2+ 52.Kd3 Qxh2 53.Qe4+ Kh6 54.Qe3 Qa2
55.f5+ Kh7 56.Qf4 Qd5+ 57.Kc3 Qc5+ 58.Qc4 Qe5+ 59.Kd2 Qxf5 60.Qxa6 Qg5+ 61.Kc3 Qe5+
62.Kd2 Qg5+ 63.Ke2 Qg4+ 64.Kd2  1/2-1/2

[Event "CSOB IM CUP"]
[Site "Mlada Boleslav CZE"]
[Date "2008.07.28"]
[Round "2"]
[White "Praznik,A"]
[Black "Pribyl,Jo"]
[Result "1/2-1/2"]
[WhiteElo "2241"]
[BlackElo "2397"]

1.e4 d6 2.d4 Nf6 3.Nc3 e5 4.Nf3 Nbd7 5.Bc4 Be7 6.O-O O-O 7.a4 c6 8.Qe2 b6
9.d5 cxd5 10.Nxd5 Bb7 11.Rd1 Nxd5 12.Bxd5 Bxd5 13.Rxd5 Qc7 14.c4 a6  1/2-1/2

[Event "III Open"]
[Site "Oviedo ESP"]
[Date "2008.07.28"]
[Round "6"]
[White "Garrido Moreno,A"]
[Black "Menendez Rey,J"]
[Result "0-1"]
[WhiteElo "2027"]
[BlackElo "2222"]

1.e4 Nf6 2.Nc3 d6 3.d4 Nbd7 4.Nf3 e5 5.dxe5 dxe5 6.Bg5 Bb4 7.Bd3 c6 8.O-O Qe7
9.Ne2 h6 10.Bd2 Bc5 11.Ng3 g6 12.Bc3 h5 13.Qd2 h4 14.Ne2 h3 15.g3 Rh5 16.b4 Bb6
17.Kh1 Nf8 18.Neg1 Ng4 19.a4 a6 20.Nh4 Rxh4 21.gxh4 Qxh4 22.f3 Nf2+ 23.Rxf2 Bxf2
24.Bxe5 Be6 25.Qf4 Qh5 26.Rf1 Ba7 27.b5 cxb5 28.axb5 Nd7 29.Bb2 Bb8 30.Qd2 axb5
31.f4 Qc5 32.Nf3 Ra4 33.Qe2 Bxf4 34.Bxb5 Ra2 35.c4 Qb4 36.Bc3 Rxe2 37.Bxb4 Bg4
38.Nd4 Rxh2+ 39.Kg1 Rg2+ 40.Kh1 Bd2 41.Bd6 Bc3 42.Nb3 b6 43.c5 bxc5 44.Nxc5 Bd4
45.Nd3 Rd2 46.Nb4 Bf2  0-1

[Event "13th Open"]
[Site "Creon FRA"]
[Date "2008.07.29"]
[Round "2"]
[White "Drenchev,P"]
[Black "Lapeyre,P"]
[Result "1-0"]
[WhiteElo "2450"]
[BlackElo "2088"]

1.d4 d6 2.e4 Nf6 3.Nc3 e5 4.Nf3 Nbd7 5.Bc4 Be7 6.O-O O-O 7.a4 c6 8.Re1 a5
9.b3 Nb6 10.Bf1 Bg4 11.dxe5 Bxf3 12.Qxf3 dxe5 13.Rd1 Qc7 14.Ne2 Rfd8 15.Bb2 Rxd1
16.Rxd1 Rd8 17.Rxd8+ Bxd8 18.Ng3 Be7 19.Nf5 Bf8 20.Nh6+ Kh8 21.Bxe5  1-0

[Event "9th Epetium Open"]
[Site "Stobrec CRO"]
[Date "2008.07.29"]
[Round "4"]
[White "Marinic Kragic,M"]
[Black "Milosavljevic,J"]
[Result "0-1"]
[WhiteElo "1966"]
[BlackElo "2082"]

1.e4 d6 2.d4 Nf6 3.Nc3 c6 4.Nf3 Bg4 5.Be2 Nbd7 6.Nd2 Bxe2 7.Qxe2 e5 8.d5 Be7
9.Nc4 cxd5 10.exd5 Nb6 11.Ne3 O-O 12.O-O Qd7 13.a4 Rae8 14.a5 Nc8 15.a6 b6
16.Ra4 h6 17.Qb5 Rd8 18.Rc4 Nh5 19.Qxd7 Rxd7 20.Nf5 Rfd8 21.Rd1 Bg5 22.Bxg5 hxg5
23.g3 g6 24.Ne3 f5 25.Nb5 g4 26.Rd3 Nf6 27.Rdc3 Ne7 28.Nc7 Rc8 29.Kg2 Ne4
30.Nxg4 fxg4 31.Rxe4 Rdxc7 32.Rxc7 Rxc7 33.c4 Kf7 34.b4 Nf5 35.Rxg4 Nd4 36.f4 Rxc4
37.fxe5 dxe5 38.Rh4 Kg7 39.Re4 Kf6 40.g4 Rc2+  0-1

[Event "13th Open"]
[Site "Creon FRA"]
[Date "2008.07.30"]
[Round "4"]
[White "Barraud,M"]
[Black "Delabarre,O"]
[Result "0-1"]
[WhiteElo "1803"]
[BlackElo "2097"]

1.e4 d6 2.d4 Nf6 3.Nc3 Nbd7 4.Be3 e5 5.Nf3 Be7 6.Bc4 O-O 7.O-O Ng4 8.Qd2 Nxe3
9.fxe3 c6 10.a4 Qc7 11.Qf2 Nf6 12.h3 Nxe4 13.Bxf7+ Rxf7 14.Nxe4 d5  0-1

[Event "ITT Raul Moiraghi"]
[Site "Villa Martelli ARG"]
[Date "2008.07.30"]
[Round "2"]
[White "Cubas,Jo"]
[Black "Guerrero,Alv"]
[Result "1-0"]
[WhiteElo "2428"]
[BlackElo "2154"]

1.e4 d6 2.d4 Nf6 3.Nc3 e5 4.Nf3 Nbd7 5.Bc4 Be7 6.O-O O-O 7.Re1 c6 8.a4 b6
9.d5 c5 10.a5 a6 11.axb6 Nxb6 12.Nd2 Ne8 13.Qe2 Nc7 14.Nb3 Nxc4 15.Qxc4 Bd7
16.Na5 Qe8 17.b4 cxb4 18.Qxb4 Nb5 19.Ne2 Rb8 20.Qd2 f5 21.c4 Nc7 22.exf5 Qf7
23.Ng3 Bh4 24.Ba3 Ne8 25.Nc6 Rc8 26.Ne4 Bxc6 27.dxc6 Rxc6 28.Bxd6 Nxd6 29.Nxd6 Qc7
30.Qd5+ Kh8 31.Rad1 Bf6 32.g3 h6 33.h4 Kh7 34.Qe6 Rd8 35.c5 a5 36.Rd5 Rxc5
37.Rxc5 Qxc5 38.Ne4 Qe7 39.Qa6 Rf8 40.Qc6 Qb4 41.Rd1 Kh8 42.Rd7 Be7 43.Rb7 Qe1+
44.Kg2 Bf6 45.Nxf6 Rxf6 46.Qe8+ Kh7 47.Qe7 Qe4+ 48.Kh2 Qg4 49.Qxf6 e4 50.Qg6+  1-0

[Event "41st Festival MTO"]
[Site "Biel SUI"]
[Date "2008.07.31"]
[Round "10"]
[White "Baramidze,D"]
[Black "Le Floch,S"]
[Result "1-0"]
[WhiteElo "2593"]
[BlackElo "2216"]

1.e4 d6 2.d4 Nf6 3.Nc3 Nbd7 4.Nf3 e5 5.Bc4 Be7 6.O-O O-O 7.Re1 c6 8.a4 b6
9.b3 Bb7 10.Bb2 a6 11.Bd3 Re8 12.Ne2 exd4 13.Nexd4 Nc5 14.Nf5 Bf8 15.N3h4 Bc8
16.Qf3 Ra7 17.Rad1 Bxf5 18.Nxf5 Rd7 19.Nh6+ Kh8 20.Bc4 d5 21.exd5 Rxe1+ 22.Rxe1 cxd5
23.Bxd5 Nxd5 24.Qxf7  1-0